000
00250nam a2200097Ia 4500
001
777403
005
20250826165906.0
008
250824s9999 xx 000 0 und d
245
0
_a
YASEMİNLER TÜTER Mİ,HALA?
_c
ALEV ALATLI
260
_b
EVEREST YAYINLARI
999
_c
777403
_d
777403